| 000 | 00603nam a22002177a 4500 | ||
|---|---|---|---|
| 008 | 151002b xxu||||| |||| 00| 0 eng d | ||
| 020 | _a9780073379616 | ||
| 020 | _a0073379611 | ||
| 041 | 0 | _aeng | |
| 080 | _a658.15 | ||
| 100 | 1 | _aGarrison, Ray H. | |
| 245 | 1 | 0 |
_aManagerial accounting / _cRay H. Garrison, Eric W. Noreen, Peter C. Brewer. |
| 250 | _a13th ed. | ||
| 260 |
_aBoston : _bMcGraw-Hill/Irwin, _c2010. |
||
| 300 |
_axxxi, 804 f. : _bme il.; _c29 cm. |
||
| 650 | 0 | _aKontabiliteti | |
| 650 | 0 | _aMenaxherial | |
| 700 | 1 | _aNoreen, Eric W. | |
| 700 | 1 | _aBrewer, Peter C. | |
| 942 |
_2udc _cBK |
||
| 999 |
_c1226 _d1226 |
||